000 01308nam0a22002771 4500
001 rc\99267
005 20260519112726.0
035 _a(NLR Aleph) 005362921
090 _a6917585
_c6917585
100 _a20021216d1995 u y0rusy50 ca
101 0 _arus
102 _aRU
105 _ay |||||||||
200 1 _aРасследование краж из помещений
_e(Програм.-целевой метод)
_eУчеб. пособие
_fС.В. Кузьмин
_gГенер. прокуратура Рос. Федерации. Ин-т повышения квалификации прокурор.-следств. работников
210 _aСПб.
_cИн-т повышения квалификации прокурор.-следств. работников Генер. прокуратуры Рос. Федерации
_d1995
215 _a102 с.
_d20
300 _aВ вып. дан. авт.: С.В. Кузьмин, к.ю.н., доц.
320 _aБиблиогр.: с. 99-100
333 _aДСП
700 1 _7ca
_8rus
_aКузьмин
_bС. В.
_cканд. юрид. наук
_f1957-
_gСергей Владимирович
_948168
_3RU\NLR\AUTH\7765239
801 0 _aRU
_bNLR
_gpsbo
801 1 _aRU
_bELAR
_2rusmarc
852 _aNLR
_j96-50К/64
942 _cBOOK
980 _aNB